New controllers of Mountleigh (Record no. 49679)

MARC details
000 -LEADER
fixed length control field 00625cab a2200205 4500
001 - CONTROL NUMBER
control field WB2545-29
008 - FIXED-LENGTH DATA ELEMENTS--GENERAL INFORMATION
fixed length control field 090401t1989 xxu||||| |||| 00| 0 eng d
035 ## - SYSTEM CONTROL NUMBER
System control number (Sirsi) u79064
041 ## - LANGUAGE CODE
Language code of text/sound track or separate title eng
245 ## - TITLE STATEMENT
Title New controllers of Mountleigh
260 ## - PUBLICATION, DISTRIBUTION, ETC.
Date of publication, distribution, etc. 1989
350 ## - PRICE (NR) (BK AM CF MU VM SE) [OBSOLETE]
Price 0
490 ## - SERIES STATEMENT
Series statement Financial Times
Volume/sequential designation 9/11/89 p29
490 ## - SERIES STATEMENT
Series statement Independent
Volume/sequential designation 10/11/89 p21
490 ## - SERIES STATEMENT
Series statement Observer
Volume/sequential designation 12/11/89 p27(5)
520 ## - SUMMARY, ETC.
Summary, etc. Tony Clegg `s stake in the property company , Mountleigh , has been bought by two Americans, Peltz and May . Profile on Peltz.
690 ## - LOCAL SUBJECT ADDED ENTRY--TOPICAL TERM (OCLC, RLIN)
Topical term or geographic name as entry element PROPERTY LAW AND PRACTICE
942 ## - ADDED ENTRY ELEMENTS (KOHA)
Suppress in OPAC 0
948 ## - LOCAL PROCESSING INFORMATION (OCLC); SERIES PART DESIGNATOR (RLIN)
c (OCLC) 04/03/1997
Holdings
Withdrawn status Lost status Source of classification or shelving scheme Damaged status Not for loan Home library Current library Shelving location Date acquired Total Checkouts Full call number Barcode Date last seen Copy number Price effective from Koha item type
    Dewey Decimal Classification     London London News article 14/09/1999   WB2545-29 79064-1001 06/08/2019 1 06/08/2019 News article